000
00334nam a2200145Ia 4500
008
230718s9999 xx 000 0 und d
041
_a
Eng.
082
_a
347.04
_b
SYK-C
100
_a
Sykes, Thon K.
245
0
_a
Construction Claim
260
_a
Pakistan
_b
Sweet and Maxwell
_c
1999
300
_a
254
650
_a
Law
999
_c
27734
_d
27734